<?xml version="1.0" encoding="UTF-8"?>
<record
    xmlns:xsi="http://www.w3.org/2001/XMLSchema-instance"
    xsi:schemaLocation="http://www.loc.gov/MARC21/slim http://www.loc.gov/standards/marcxml/schema/MARC21slim.xsd"
    xmlns="http://www.loc.gov/MARC21/slim">

  <leader>01600nam a22002777a 4500</leader>
  <controlfield tag="005">20080814155123.0</controlfield>
  <controlfield tag="008">080814t        xxu||||| |||| 00| f hin d</controlfield>
  <datafield tag="010" ind1=" " ind2=" ">
    <subfield code="a">HIN-83932</subfield>
  </datafield>
  <datafield tag="020" ind1=" " ind2=" ">
    <subfield code="c">525.00</subfield>
    <subfield code="a">8173414114</subfield>
  </datafield>
  <datafield tag="035" ind1=" " ind2=" ">
    <subfield code="a">HN-56278</subfield>
  </datafield>
  <datafield tag="037" ind1=" " ind2=" ">
    <subfield code="b">DBAD / PUB</subfield>
  </datafield>
  <datafield tag="040" ind1=" " ind2=" ">
    <subfield code="a">DPL</subfield>
    <subfield code="b">HN</subfield>
  </datafield>
  <datafield tag="082" ind1=" " ind2=" ">
    <subfield code="a">&#x909;</subfield>
  </datafield>
  <datafield tag="100" ind1=" " ind2=" ">
    <subfield code="a">&#x92E;&#x93F;&#x936;&#x94D;&#x930;, &#x936;&#x94D;&#x930;&#x940;&#x915;&#x943;&#x937;&#x94D;&#x923;</subfield>
  </datafield>
  <datafield tag="245" ind1=" " ind2=" ">
    <subfield code="a">&#x905;&#x920;&#x93E;&#x930;&#x939; &#x938;&#x94C; &#x938;&#x924;&#x94D;&#x924;&#x93E;&#x935;&#x928;&#x903;</subfield>
    <subfield code="c">&#x936;&#x94D;&#x930;&#x940;&#x915;&#x943;&#x937;&#x94D;&#x923; &#x92E;&#x93F;&#x936;&#x94D;&#x930;</subfield>
  </datafield>
  <datafield tag="246" ind1=" " ind2=" ">
    <subfield code="a">Atharah sau sattavan</subfield>
    <subfield code="b">by Srikrishna Mishra</subfield>
  </datafield>
  <datafield tag="260" ind1=" " ind2=" ">
    <subfield code="a">&#x928;&#x908; &#x926;&#x93F;&#x932;&#x94D;&#x932;&#x940;</subfield>
    <subfield code="b">&#x907;&#x902;&#x921;&#x93F;&#x92F;&#x928; &#x92A;&#x92C;&#x94D;&#x932;&#x93F;&#x936;&#x930;&#x94D;&#x938; &#x921;&#x93F;&#x938;&#x94D;&#x91F;&#x94D;&#x930;&#x940;&#x92C;&#x94D;&#x92F;&#x942;&#x91F;&#x930;&#x94D;&#x938;</subfield>
    <subfield code="c">2006</subfield>
  </datafield>
  <datafield tag="270" ind1=" " ind2=" ">
    <subfield code="a">156-&#x921;&#x940;, &#x915;&#x92E;&#x932;&#x93E; &#x928;&#x917;&#x930;</subfield>
    <subfield code="b">&#x928;&#x908; &#x926;&#x93F;&#x932;&#x94D;&#x932;&#x940;</subfield>
    <subfield code="e">110007</subfield>
    <subfield code="k">23846233, 23840715</subfield>
    <subfield code="l">011 23846233</subfield>
    <subfield code="m">ipd@mailandnews.com</subfield>
  </datafield>
  <datafield tag="300" ind1=" " ind2=" ">
    <subfield code="a">251&#x92A;&#x943;.</subfield>
    <subfield code="c">22&#x938;&#x947;&#x92E;&#x940; (&#x938;&#x91C;&#x93F;&#x932;&#x94D;&#x926;)</subfield>
  </datafield>
  <datafield tag="500" ind1=" " ind2=" ">
    <subfield code="a">&#x92E;&#x939;&#x93E;&#x930;&#x93E;&#x91C; &#x924;&#x947;&#x91C;&#x938;&#x93F;&#x902;&#x939; &#x92A;&#x930; &#x906;&#x927;&#x93E;&#x930;&#x93F;&#x924; &#x910;&#x924;&#x93F;&#x939;&#x93E;&#x938;&#x93F;&#x915; &#x909;&#x92A;&#x928;&#x94D;&#x92F;&#x93E;&#x938;</subfield>
  </datafield>
  <datafield tag="600" ind1=" " ind2=" ">
    <subfield code="a">Ambedkar, B. R.</subfield>
    <subfield code="x">Quotations</subfield>
  </datafield>
  <datafield tag="650" ind1=" " ind2=" ">
    <subfield code="a">&#x939;&#x93F;&#x928;&#x94D;&#x926;&#x940; &#x915;&#x925;&#x93E; &#x938;&#x93E;&#x939;&#x93F;&#x924;&#x94D;&#x92F;</subfield>
    <subfield code="x">&#x910;&#x924;&#x93F;&#x939;&#x93E;&#x938;&#x93F;&#x915; &#x915;&#x925;&#x93E; &#x938;&#x93E;&#x939;&#x93F;&#x924;&#x94D;&#x92F;</subfield>
    <subfield code="x">&#x907;&#x924;&#x93F;&#x939;&#x93E;&#x938; &#x90F;&#x935;&#x902; &#x938;&#x92E;&#x93E;&#x932;&#x94B;&#x91A;&#x928;&#x93E;</subfield>
  </datafield>
  <datafield tag="650" ind1=" " ind2=" ">
    <subfield code="a">Hindi Fiction</subfield>
    <subfield code="x">Historical fiction</subfield>
    <subfield code="x">History and criticism</subfield>
  </datafield>
  <datafield tag="942" ind1=" " ind2=" ">
    <subfield code="2">ddc</subfield>
    <subfield code="c">HN</subfield>
    <subfield code="h">&#x909;</subfield>
    <subfield code="m">&#x92E;&#x93F;&#x936;&#x94D;&#x930;&#x936;&#x94D;&#x930;&#x940;</subfield>
  </datafield>
  <datafield tag="999" ind1=" " ind2=" ">
    <subfield code="c">14865</subfield>
    <subfield code="d">14865</subfield>
  </datafield>
  <datafield tag="952" ind1=" " ind2=" ">
    <subfield code="0">0</subfield>
    <subfield code="1">0</subfield>
    <subfield code="4">0</subfield>
    <subfield code="7">1</subfield>
    <subfield code="8">FIC</subfield>
    <subfield code="a">DBAD</subfield>
    <subfield code="b">DBAD</subfield>
    <subfield code="d">2008-08-18</subfield>
    <subfield code="g">525.00</subfield>
    <subfield code="l">0</subfield>
    <subfield code="o">&#xC3;&#x83;&#xC2;&#xA0;&#xC3;&#x82;&#xC2;&#xA4;&#xC3;&#x82;&#xC2;&#x89; &#xC3;&#x83;&#xC2;&#xA0;&#xC3;&#x82;&#xC2;&#xA4;&#xC3;&#x82;&#xC2;&#xAE;&#xC3;&#x83;&#xC2;&#xA0;&#xC3;</subfield>
    <subfield code="p">HN-56278</subfield>
    <subfield code="r">2008-09-15 00:00:00</subfield>
    <subfield code="t">1</subfield>
    <subfield code="v">525.00</subfield>
    <subfield code="w">2008-09-15</subfield>
    <subfield code="y">HN</subfield>
  </datafield>
</record>
